000 00569nam a2200193Ia 4500
005 20250423094948.0
008 250422s9999 xx 000 0 und d
020 _a9780198749370
050 _aQM 23.2 .K67/
100 _aKoshi, Rachel.
245 0 _aCunningham's Manual of practical anatomy Vol.2 :thorax and abdomen
250 _a16th ed.
260 _aUnited Kingdom
260 _bOxford university press
260 _c2017
300 _a328 p
650 _aHuman anatomy. Extremities (Anatomy) Abdomen--Anatomy. Chest--Anatomy. Dissection.
942 _cBK
999 _c28820
_d28820